000 00467nam a22001697a 4500
003 CEME
005 20210628202850.0
008 210119b xxu||||| |||| 00| 0 eng d
040 _cceme
082 _a297.122 PER
100 _aPervaiz, Ghulam Ahmed, Ghulam Ahmed Pervaiz
_962030
245 _aLughat-ul- quran, encyclopedia of quranic words
260 _aLAHORE
_bTALOOH-E-ISLAM
_c2000
300 _a4 VOLS
650 _aLUGHAT UL QURAN
_962031
942 _cBK
_2ddc
999 _c571272
_d571272